Quizzes
Events
Quiz Creation
Community
Videos
Private Events
Remove Ads
Sign In
Join for FREE
Feedback
Dark Mode
Quiz Categories
Sports
Geography
Music
Movies
Television
Just For Fun
Miscellaneous
History
Literature
Language
Science
Gaming
Entertainment
Religion
Holiday
For Kids
Quiz Lab
Recent
Popular Today
Quiz Kudos Today
Editor Picks
Curator Picks
Quizzes by...
Day
Popularity
Type
Ratings
Length
Year
Community
Subscriptions
Recent Discussions
Orange Saloon
Badges
Playlists
Quests
Create
Leaderboards
Showdown
Live 5
Trivia Bingo
Activity
Puzzle Library
Sporcle Events
Private Events
Virtual Trivia
Globe League
Become a Host
Pub Owners
SporcleCon
Opinionation
Our Games
Videos
Blog
Mobile Apps
Partnerships
Remove Ads and Go Orange
Feedback
Geography
Country
Landmarks
City
State
Population
World
Capital
Continent
Flags
Europe
Africa
Asia
South America
North America
Oceania
Border
Canada
United Kingdom
Topography
United States
Geography
Country
Landmarks
City
State
Population
World
Capital
Continent
Flags
Europe
Africa
Asia
South America
North America
Oceania
Border
Canada
United Kingdom
Topography
United States
Random Quiz
Search Sporcle
×
Quiz Lab
Quiz Lab
Geography
jam
Type in answers that appear in a list
Type in answers that appear in a list
Classic
Best Score? Go Orange.
Top Traffic Jams in Europe Stats
Can you name the top traffic jams in Europe?
By
R2mboo
8m
25 Questions
121 Plays
121 Plays
121 Plays
Comments
Comments
Give Quiz Kudos
Give Quiz Kudos
-
- Ratings
hide this ad
More Info
Replay
Link that replays current quiz
Next Quiz
Link to next quiz in quiz playlist
You Got
0%
They Got
Avg Score
55%
Avg Friend Score
Upgrade to see
Score Distribution
Jump to the score distribution portion of the page
Score
0/25
Timer
08:00
0
Plays Today
Number
City
% Correct
9
Paris
97.5%
4
London
96.7%
14
Rome
92.6%
17
Barcelona
85.1%
15
Amsterdam
81.8%
11
Milan
80.2%
1
Brussels
69.4%
6
Dublin
69.4%
2
Warsaw
64.5%
18
Budapest
62.8%
24
Prague
62.8%
19
Naples
60.3%
16
Oslo
57.9%
Number
City
% Correct
8
Marseille
55.4%
12
Rotterdam
54.5%
22
Turin
52.1%
25
Geneva
40.5%
5
Edinburgh
39.7%
13
Birmingham
38%
7
Belfast
27.3%
10
Luxembourg
25.6%
23
Palermo
25.6%
21
Lodz
21.5%
20
Poznan
19.8%
3
Wroclaw
18.2%
Quiz Playlist
Details
Report
Send in Message
Add To Playlist
More Info:
TomTom only looked at European cities with more than half a million residents.
Classic:
Type in answers that appear in a list
Quiz Source
Last Updated: Feb 16, 2017
Quiz Scoreboard
CHALLENGE
Sign Up to Join the Scoreboard
Show All
Scores
Hide
Comments
May contain spoilers
Recently Published
Popular People in 1961
by mucciniale
History
6m
1-10 Letter E Words III
by El_Dandy
Language
2m
One Thing in Common: World Cities II
by knightlancer
Geography
7m
More to Explore
Quiz From the Vault
Featured Blog Post
Where Did the Easter Bunny Come From?
hide this ad
You Might Also Like...
Tags
Europe Cities
jam
traffic
Today's Top Quizzes in Geography
Browse Geography
hide this ad
Today's Top Quizzes in jam
Browse jam
Top Contributed Quizzes in Geography
1
Countries of the World - No Outlines Minefield
2
African Flag Reveal XLV
3
Top 25 Cities of France on a map
4
Closest Countries to UK A-Z
5
Blind Secret Country CLXXXVIII
6
Find the US States - No Outlines
7
One Thing in Common: Asia
8
Blind Ultimate Minefield: Asia
9
30 Pics in 60: Landmark Cities
10
Find the States of India (Picture Click)
Explore More
Trending Topics
Anime
Harry Potter
Kpop
Marvel
Crossword
NBA
Disney
NFL
Pokémon
WWE
The Office
Country
Puzzle
Soccer
Song
hide this ad
More By:
R2mboo
Quiz
Plays
Rating
Category
Featured
Created
Capitals of the Caribbean
5,213
3.50
Geography
Nov 21, 2010
Germany, Benelux and France regions
1,908
4.36
Geography
Jul 10, 2012
Prime Ministers of the Netherlands
519
4.33
History
Jan 27, 2011
City Profile: Nijmegen
348
3.25
Geography
Jul 10, 2012
Scooter Lyrics
139
5.00
Music
Oct 22, 2010
Go to Creator's Profile
Score Distribution
Quiz Creator Spotlight
R2mboo
Follow
Send a Message
Quizzes Created
-
Created Quiz Play Count
-
More By This Creator
Popular Quizzes Today
1
Find the US States - No Outlines Minefield
2
The Countries of the World
3
Popular People in 1961
4
Find the Countries of Europe - No Outlines Minefield
5
1-10 Letter E Words III
6
Find the US States
7
One Thing in Common: World Cities II
8
US States
More Geography Quizzes
Unusual Bridges of the World
Editor's Pick
Trending Quizzes
1-10 Letter F Words
One Thing in Common: Music
1-10 Letter G Words
Risky Map Clicking: Next State Alphabetically
1-10 Letter F Words II
Recently Updated
Leaping Animals
pecheneg
Reality TV Shows (A-Z)
bhenderson79
Rickey Henderson's Hall of Fame Teammates
pecheneg
Champions League XIs: Arsenal
pecheneg
Quick Pick: Celebrities in WWE's Hall of Fame
aduchscher
A-Z Keypad Blitz II
pecheneg
Multiple Oscar Actors
pecheneg
Mystery Phrase Blitz: Oscar 'Best Actors'
pecheneg
F. Scott Fitzgerald Novels
LTH
Pick 3 Villains
ddd62291
Trending Topics
Marvel
Harry Potter
Anime
NBA
Disney
Kpop
Crossword
The Office
NFL
Puzzle
WWE
Country
Pokémon
Soccer
Song
Your Account Isn't Verified!
In order to create a playlist on Sporcle, you need to verify the email address you used during registration. Go to your
Sporcle Settings
to finish the process.
Report this User
Report this user for behavior that violates our
Community Guidelines
.
Details:
Send Report
Go to the Sporcle.com Mobile Site →
Comments